Teach yourself html: publishing on the world wide web. 3rd ed. (Record no. 80928)
[ view plain ]
| 000 -LEADER | |
|---|---|
| fixed length control field | 01089nam a2200241 a 4500 |
| 008 - FIXED-LENGTH DATA ELEMENTS--GENERAL INFORMATION | |
| fixed length control field | 081121s2003 ||||||||||||||||| || u |
| 020 ## - INTERNATIONAL STANDARD BOOK NUMBER | |
| International Standard Book Number | 0340859555 |
| 050 ## - LIBRARY OF CONGRESS CALL NUMBER | |
| Classification number | QA 76.76.H94 Bri |
| 100 ## - MAIN ENTRY--PERSONAL NAME | |
| Personal name | Bride, Mac |
| 245 10 - TITLE STATEMENT | |
| Title | Teach yourself html: publishing on the world wide web. 3rd ed. |
| 250 ## - EDITION STATEMENT | |
| Edition statement | 3rd ed. |
| 260 ## - PUBLICATION, DISTRIBUTION, ETC. | |
| Place of publication, distribution, etc. | London: |
| Name of publisher, distributor, etc. | Hodder Headline PLC |
| Date of publication, distribution, etc. | 2003 |
| 300 ## - PHYSICAL DESCRIPTION | |
| Extent | ix, 211p.: ill. |
| 350 ## - | |
| -- | 0.00 |
| 490 ## - | |
| -- | Teach yourself |
| 650 ## - SUBJECT ADDED ENTRY--TOPICAL TERM | |
| Topical term or geographic name entry element | HTML (DOCUMENT MARKUP LANGUAGE) |
| 650 ## - SUBJECT ADDED ENTRY--TOPICAL TERM | |
| Topical term or geographic name entry element | INTERNET |
| 650 ## - SUBJECT ADDED ENTRY--TOPICAL TERM | |
| Topical term or geographic name entry element | ELECTRONIC PUBLISHING |
| 650 ## - SUBJECT ADDED ENTRY--TOPICAL TERM | |
| Topical term or geographic name entry element | WORLD WIDE WEB |
| 995 ## - | |
| -- | BINDERY (DAMAGED) |
| -- | 0.00 |
| -- | 739274 |
| -- | CBU-MAIN LIBRARY (Kitwe) |
| -- | 1 |
| -- | 0.00 |
| -- | QA 76.76.H94 BRI |
| -- | 2 |
| -- | DAMAGED |
| -- | Feb 2, 2009 |
| -- | 739274 |
| -- | Main Library Open Access Collection |
| 995 ## - | |
| -- | BINDERY (DAMAGED) |
| -- | 0.00 |
| -- | 739273 |
| -- | CBU-MAIN LIBRARY (Kitwe) |
| -- | 1 |
| -- | 0.00 |
| -- | QA 76.76.H94 BRI |
| -- | 1 |
| -- | DAMAGED |
| -- | Feb 2, 2009 |
| -- | 739273 |
| -- | Main Library Open Access Collection |
| 995 ## - | |
| -- | BINDERY (DAMAGED) |
| -- | 0.00 |
| -- | 739275 |
| -- | CBU-MAIN LIBRARY (Kitwe) |
| -- | 1 |
| -- | 0.00 |
| -- | QA 76.76.H94 Bri |
| -- | 3 |
| -- | DAMAGED |
| -- | Feb 2, 2009 |
| -- | 739275 |
| -- | Main Library Open Access Collection |
| 999 ## - | |
| -- | 80928 |
| -- | 80928 |
| Withdrawn status | Lost status | Source of classification or shelving scheme | Damaged status | Not for loan | Permanent Location | Current Location | Shelving location | Date acquired | Total Checkouts | Full call number | Barcode | Date last seen | Copy number | Price effective from | Koha item type |
|---|---|---|---|---|---|---|---|---|---|---|---|---|---|---|---|
| CBU-MAIN LIBRARY, KITWE. | CBU-MAIN LIBRARY, KITWE. | 07/11/2023 | QA 76.76.H94 Bri | 739274 | 07/11/2023 | 1 | 07/11/2023 | MONOGRAPH | |||||||
| CBU-MAIN LIBRARY, KITWE. | CBU-MAIN LIBRARY, KITWE. | 07/11/2023 | QA 76.76.H94 Bri | 739273 | 07/11/2023 | 2 | 07/11/2023 | MONOGRAPH | |||||||
| CBU-MAIN LIBRARY, KITWE. | CBU-MAIN LIBRARY, KITWE. | 07/11/2023 | QA 76.76.H94 Bri | 739275 | 07/11/2023 | 3 | 07/11/2023 | MONOGRAPH |